[Event "ZMDI-Open 2013"]
[Site "Dresden"]
[Date "2013.08.10"]
[Round "1"]
[White "Herbrig, M."]
[Black "Schöhl, G."]
[Result "0-1"]
[WhiteElo "1687"]
[BlackElo "1909"]
[PlyCount "136"]
[EventDate "2013.??.??"]

1. d4 d5 2. Nf3 Nf6 3. c4 c6 4. Nc3 e6 5. Bg5 Nbd7 6. e3 Qa5 7. a3 Ne4 8. Qc1
Nxg5 9. Nxg5 dxc4 10. e4 Be7 11. e5 b5 12. Be2 b4 13. axb4 Bxg5 14. bxa5 Bxc1
15. Rxc1 Rb8 16. Ne4 Rxb2 17. Nd6+ Ke7 18. Bxc4 f6 19. Be2 fxe5 20. Nc4 Rxe2+
21. Kxe2 exd4 22. f4 Ba6 23. Kd3 Nc5+ 24. Kxd4 Nb3+ 25. Ke5 Nxc1 26. Rxc1 Rd8
27. Ne3 Rd3 28. Ke4 Ra3 29. Kd4 Rd3+ 30. Ke4 Rd2 31. Ke5 Bb5 32. Ra1 a6 33. h3
Re2 34. Ra3 c5 35. g4 Rd2 36. Rc3 Rd3 37. Rxd3 Bxd3 38. Nd1 h5 39. Nf2 Bf1 40.
h4 hxg4 41. Nxg4 Bd3 42. Nf2 Bf5 43. Nd1 Kd7 44. Ne3 Bd3 45. Nd1 Ke7 46. Nf2
Bf5 47. Nd1 Kd7 48. Ne3 Kc6 49. Nxf5 exf5 50. Kxf5 Kd5 51. Kg6 c4 52. f5 c3 53.
Kxg7 c2 54. f6 c1=Q 55. f7 Qg1+ 56. Kh7 Qf2 57. Kg8 Qg3+ 58. Kh8 Qxh4+ 59. Kg8
Qg5+ 60. Kh8 Qf6+ 61. Kg8 Kc6 62. f8=Q Qxf8+ 63. Kxf8 Kb5 64. Ke7 Kxa5 65. Kd6
Kb4 66. Ke5 a5 67. Ke4 a4 68. Kd3 Kb3 0-1

[Event "ZMDI-Open 2013"]
[Site "Dresden"]
[Date "2013.08.10"]
[Round "1"]
[White "Schwarz, H."]
[Black "Schamschurko, A."]
[Result "0-1"]
[WhiteElo "1905"]
[BlackElo "1703"]
[PlyCount "77"]
[EventDate "2013.??.??"]

1. e4 c5 2. Nf3 Nc6 3. d4 cxd4 4. Nxd4 e5 5. Nxc6 dxc6 6. Bd3 Nf6 7. O-O Bc5 8.
Nc3 O-O 9. Bg5 Qd6 10. Qf3 Ne8 11. Na4 Qg6 12. Qg3 Bd6 13. Qe3 b5 14. Nc3 Qh5
15. Be2 Bg4 16. f3 f6 17. fxg4 Qxg5 18. Qxg5 fxg5 19. a4 Rxf1+ 20. Kxf1 b4 21.
Na2 Nf6 22. Rd1 Bc5 23. Bf3 Rf8 24. Ke2 h5 25. h3 hxg4 26. hxg4 a5 27. Nc1 Bd4
28. Nb3 Bxb2 29. Nxa5 c5 30. Rd6 Ra8 31. Nc4 Bd4 32. a5 Kf7 33. Rb6 Ke8 34. Rb7
Kf8 35. Rb6 Ke8 36. a6 Ra7 37. Nd6+ Kd8 38. Nb5 c4 39. Rd6+ 0-1

[Event "ZMDI-Open 2013"]
[Site "Dresden"]
[Date "2013.08.10"]
[Round "1"]
[White "Schneider, M."]
[Black "Felger, K."]
[Result "0-1"]
[WhiteElo "1700"]
[BlackElo "1901"]
[PlyCount "54"]
[EventDate "2013.??.??"]

1. c4 Nf6 2. g3 g6 3. Bg2 Bg7 4. Nf3 O-O 5. Nc3 c6 6. e4 d6 7. O-O Bg4 8. d4
Qc8 9. Bg5 h6 10. Bxf6 exf6 11. Qd3 Bh3 12. Rfe1 Bxg2 13. Kxg2 Rd8 14. Nd2 Na6
15. a3 Nc7 16. f4 b6 17. Re2 d5 18. exd5 cxd5 19. Rae1 f5 20. Nxd5 Nxd5 21.
cxd5 Rxd5 22. Qf3 Rxd4 23. Kf1 Rd8 24. Nb3 Qc4 25. Nc1 Bxb2 26. Qe3 Rac8 27.
Qb3 Bxc1 0-1

[Event "ZMDI-Open 2013"]
[Site "Dresden"]
[Date "2013.08.10"]
[Round "1"]
[White "Sauer, E."]
[Black "Enache, R."]
[Result "1/2-1/2"]
[WhiteElo "1901"]
[BlackElo "1696"]
[PlyCount "46"]
[EventDate "2013.??.??"]

1. d4 Nf6 2. c4 e6 3. g3 d5 4. Bg2 Bb4+ 5. Bd2 Qe7 6. Nf3 O-O 7. O-O Nbd7 8.
Qc2 Bxd2 9. Nbxd2 c5 10. Rac1 b6 11. cxd5 Nxd5 12. e4 Nb4 13. Qb3 Ba6 14. Nc4
Nc6 15. Rfd1 Rad8 16. Qa3 Bxc4 17. Rxc4 Rfe8 18. Rc2 Nf6 19. e5 Nd7 20. dxc5
Nxc5 21. Rxd8 Qxd8 22. Rd2 Qc7 23. Qe3 Rd8 1/2-1/2

[Event "ZMDI-Open 2013"]
[Site "Dresden"]
[Date "2013.08.10"]
[Round "1"]
[White "Bolshakov, K."]
[Black "Altstadt, K."]
[Result "1/2-1/2"]
[WhiteElo "1681"]
[BlackElo "1815"]
[PlyCount "48"]
[EventDate "2013.??.??"]

1. d4 Nf6 2. Nf3 c5 3. d5 e6 4. c4 b5 5. cxb5 exd5 6. g3 Bb7 7. Bg2 Qa5+ 8.
Nfd2 Qxb5 9. Nc3 Qb6 10. O-O Be7 11. Qb3 Qxb3 12. Nxb3 a5 13. Bg5 c4 14. Nd4
Ne4 15. Bxe7 Nxc3 16. Ba3 Ne4 17. Nb5 Kd8 18. Nd6 Nxd6 19. Bxd6 Re8 20. e3 Re6
21. Ba3 Nc6 22. Rfd1 Ne7 23. Rd2 Bc6 24. Rad1 Rb8 1/2-1/2

[Event "ZMDI-Open 2013"]
[Site "Dresden"]
[Date "2013.08.10"]
[Round "1"]
[White "Siegl, D."]
[Black "Priese, A."]
[Result "1-0"]
[WhiteElo "1888"]
[BlackElo "1678"]
[PlyCount "73"]
[EventDate "2013.??.??"]

1. e4 c5 2. Nf3 d6 3. d4 cxd4 4. Nxd4 Nf6 5. Nc3 a6 6. Bg5 e6 7. f4 Nbd7 8. Qf3
Qc7 9. O-O-O b5 10. Bd3 Bb7 11. Bxf6 Nxf6 12. g4 Be7 13. Kb1 b4 14. Na4 Rc8 15.
g5 Nd7 16. h4 e5 17. Nf5 g6 18. Nxe7 Kxe7 19. Rhf1 Rhf8 20. b3 f5 21. Qe3 exf4
22. Rxf4 fxe4 23. Rxf8 Rxf8 24. Bxe4 Bxe4 25. Qxe4+ Kd8 26. Qxb4 Rf3 27. Rxd6
a5 28. Qd4 Rf7 29. Nc5 Ke8 30. Rxd7 Rxd7 31. Qxd7+ Qxd7 32. Nxd7 Kxd7 33. c3
Kc6 34. b4 axb4 35. cxb4 Kd5 36. a4 Kc4 37. a5 1-0

[Event "ZMDI-Open 2013"]
[Site "Dresden"]
[Date "2013.08.10"]
[Round "1"]
[White "Biastoch, B."]
[Black "Scholz, R."]
[Result "1/2-1/2"]
[WhiteElo "1640"]
[BlackElo "1879"]
[PlyCount "71"]
[EventDate "2013.??.??"]

1. e4 c5 2. Nf3 Nc6 3. d4 cxd4 4. Nxd4 e5 5. Nb5 d6 6. N1c3 a6 7. Na3 Be7 8.
Bd3 Be6 9. Bc4 b5 10. Bd5 Rc8 11. Bxc6+ Rxc6 12. Nd5 Nf6 13. Bg5 h6 14. Bxf6
Bxf6 15. c3 Rc5 16. b4 Rc6 17. Rc1 Bg5 18. Rc2 Qc8 19. Qd3 f5 20. f3 fxe4 21.
fxe4 O-O 22. h4 Bd8 23. c4 Rf7 24. g3 Kh7 25. Rhh2 Bg4 26. cxb5 Rf3 27. Rxc6
Rxd3 28. Rxc8 Bxc8 29. Nc4 axb5 30. Nxd6 Bg4 31. Nxb5 Rd1+ 32. Kf2 Rd2+ 33. Kg1
Rd1+ 34. Kf2 Rd2+ 35. Kg1 Rd1+ 36. Kf2 1/2-1/2

[Event "ZMDI-Open 2013"]
[Site "Dresden"]
[Date "2013.08.10"]
[Round "1"]
[White "Mäder, J."]
[Black "Neffe, G."]
[Result "1/2-1/2"]
[WhiteElo "1855"]
[BlackElo "1634"]
[PlyCount "77"]
[EventDate "2013.??.??"]

1. d4 d5 2. Nf3 Nf6 3. c4 dxc4 4. g3 e6 5. Bg2 Bb4+ 6. Bd2 Bxd2+ 7. Nbxd2 b5 8.
a4 Bd7 9. axb5 Bxb5 10. Nxc4 O-O 11. Nce5 c6 12. O-O Nbd7 13. Re1 Nxe5 14. Nxe5
Nd7 15. Nxc6 Bxc6 16. Bxc6 Rc8 17. Bf3 Rc7 18. Qd2 Nb6 19. Rec1 Nd5 20. e4 Nb6
21. Rc3 Qb8 22. Rac1 Rfc8 23. Rxc7 Rxc7 24. Rxc7 Qxc7 25. b3 h6 26. h4 Nd7 27.
Bg2 Nf6 28. Bf3 a5 29. Kg2 Qb6 30. Qd3 g6 31. Qc4 Kg7 32. g4 Nd7 33. Kf1 e5 34.
d5 Nc5 35. Bd1 Qb4 36. Qxb4 axb4 37. Bc2 Kf6 38. Ke2 g5 39. h5 1/2-1/2

[Event "ZMDI-Open 2013"]
[Site "Dresden"]
[Date "2013.08.10"]
[Round "1"]
[White "Völler, L."]
[Black "Bisse, V."]
[Result "1-0"]
[WhiteElo "1679"]
[BlackElo "1967"]
[PlyCount "99"]
[EventDate "2013.??.??"]

1. e4 c5 2. Nf3 e6 3. a3 Nf6 4. e5 Nd5 5. Nc3 Nxc3 6. bxc3 d5 7. d4 c4 8. Be2
Nc6 9. O-O Bd7 10. Bg5 Be7 11. Qd2 h6 12. Bxe7 Nxe7 13. h3 Ng6 14. Nh2 b5 15.
Bh5 O-O 16. Qe3 Qh4 17. Bg4 Qe7 18. g3 a5 19. h4 Rfb8 20. h5 Nf8 21. Bf3 Nh7
22. Bg2 Qg5 23. Qxg5 Nxg5 24. f4 Nh7 25. g4 Ra7 26. f5 Ng5 27. f6 g6 28. hxg6
fxg6 29. Nf3 Nf7 30. Nh4 Kh7 31. Nf3 Rba8 32. Nd2 Ra6 33. Rfb1 Rb8 34. a4 Rab6
35. axb5 Rxb5 36. Rxb5 Rxb5 37. Rb1 Nd8 38. Kf2 Kg8 39. Ke2 Rb7 40. Rxb7 Nxb7
41. Nxc4 dxc4 42. Bxb7 a4 43. Kd2 Bb5 44. d5 Bd7 45. d6 a3 46. Kc1 h5 47. gxh5
gxh5 48. Kb1 h4 49. Bg2 Kf7 50. Ka2 1-0

[Event "ZMDI-Open 2013"]
[Site "Dresden"]
[Date "2013.08.10"]
[Round "1"]
[White "von Koslowski, U."]
[Black "Helbig, C."]
[Result "1-0"]
[WhiteElo "1749"]
[BlackElo "1786"]
[PlyCount "51"]
[EventDate "2013.??.??"]

1. Nf3 d5 2. d4 Nf6 3. g3 c6 4. Bg2 g6 5. e3 Bg7 6. O-O O-O 7. Nbd2 Nbd7 8. c4
a5 9. Qc2 b6 10. b3 c5 11. Bb2 Ba6 12. Rfe1 Rc8 13. Rac1 Re8 14. Qb1 dxc4 15.
Nxc4 Nd5 16. e4 Nb4 17. a3 Nc6 18. d5 Bxb2 19. Qxb2 Na7 20. e5 b5 21. Ne3 e6
22. Rcd1 Qc7 23. Qd2 Nxe5 24. d6 Nxf3+ 25. Bxf3 Qd7 26. Ng4 1-0

[Event "ZMDI-Open 2013"]
[Site "Dresden"]
[Date "2013.08.10"]
[Round "1"]
[White "Ast, E."]
[Black "Frommelt, R."]
[Result "0-1"]
[WhiteElo "1789"]
[BlackElo "1765"]
[PlyCount "52"]
[EventDate "2013.??.??"]

1. d4 Nf6 2. Nf3 g6 3. c3 Bg7 4. Bf4 d6 5. h3 O-O 6. e3 b6 7. Be2 Bb7 8. O-O
Nbd7 9. Nbd2 Qe8 10. Qc2 Rc8 11. Rad1 e5 12. dxe5 dxe5 13. Bh2 a6 14. Nb3 Qe7
15. Nfd2 e4 16. Rfe1 Rfe8 17. Nf1 Ne5 18. Bxe5 Qxe5 19. Ng3 Bh6 20. Rd2 Bxe3
21. Rdd1 Bxf2+ 22. Kxf2 Qf4+ 23. Kg1 Qxg3 24. Nd2 Rcd8 25. Nf1 Qe5 26. Ne3 Qc5
0-1

[Event "ZMDI-Open 2013"]
[Site "Dresden"]
[Date "2013.08.10"]
[Round "1"]
[White "Mishin, F."]
[Black "Dorst, K."]
[Result "1-0"]
[WhiteElo "1801"]
[BlackElo "1761"]
[PlyCount "59"]
[EventDate "2013.??.??"]

1. e4 e6 2. Bc4 d5 3. exd5 exd5 4. Bb3 Nf6 5. d4 Bd6 6. Nf3 O-O 7. O-O Re8 8.
Nc3 c6 9. Bg5 Nbd7 10. Qd3 Qc7 11. Rae1 Rxe1 12. Rxe1 b5 13. g3 h6 14. Bd2 a5
15. a4 b4 16. Ne2 Ne4 17. Bf4 Ba6 18. Bxd6 Qxd6 19. Qd1 Ndf6 20. Ne5 c5 21. f3
Ng5 22. c3 c4 23. Bc2 b3 24. Bb1 Nd7 25. Nf4 Re8 26. h4 Nxe5 27. dxe5 Rxe5 28.
hxg5 Rxe1+ 29. Qxe1 hxg5 30. Qe8+ 1-0

[Event "ZMDI-Open 2013"]
[Site "Dresden"]
[Date "2013.08.10"]
[Round "1"]
[White "Grohmann, A."]
[Black "Koch, R."]
[Result "1/2-1/2"]
[WhiteElo "1512"]
[BlackElo "1718"]
[PlyCount "71"]
[EventDate "2013.??.??"]

1. c4 Nf6 2. Nc3 e6 3. e3 b6 4. a3 Bb7 5. Nf3 d5 6. Be2 Bd6 7. cxd5 Nxd5 8.
Nxd5 Bxd5 9. d3 O-O 10. O-O e5 11. b4 e4 12. dxe4 Bxe4 13. Bb2 Be7 14. Qxd8
Rxd8 15. Rfd1 Nd7 16. Nd2 Bb7 17. Bf3 Bxf3 18. Nxf3 c5 19. b5 f6 20. Rd2 Nf8
21. Rad1 Kf7 22. Rxd8 Rxd8 23. Rxd8 Bxd8 24. Kf1 Ke6 25. Ke2 Nd7 26. Kd3 Bc7
27. h3 Ne5+ 28. Bxe5 Bxe5 29. a4 Kd5 30. Nd2 f5 31. h4 h5 32. Nc4 Bf6 33. g3
Be5 34. Nd2 Bb2 35. Nc4 Bc1 36. f3 1/2-1/2

[Event "ZMDI-Open 2013"]
[Site "Dresden"]
[Date "2013.08.10"]
[Round "1"]
[White "Wiessner, J."]
[Black "Schießl, H."]
[Result "1-0"]
[WhiteElo "1861"]
[BlackElo "1749"]
[PlyCount "63"]
[EventDate "2013.??.??"]

1. d4 Nf6 2. c4 g6 3. Nc3 Bg7 4. e4 d6 5. f3 c6 6. Be3 O-O 7. Qd2 Nbd7 8. Nh3
c5 9. d5 Ne5 10. Nf2 a6 11. a4 Qa5 12. Ra3 Qb4 13. Nb1 Qxd2+ 14. Bxd2 e6 15.
Nc3 exd5 16. cxd5 Bd7 17. a5 Rfb8 18. Be2 b5 19. axb6 Rxb6 20. Nfd1 Ne8 21. f4
Ng4 22. h3 Nh6 23. g4 f5 24. e5 fxg4 25. e6 Bc8 26. hxg4 Nc7 27. f5 Bxc3 28.
Rxc3 Nxd5 29. Rch3 gxf5 30. Rxh6 fxg4 31. Bxg4 Ra7 32. Bf5 1-0

[Event "ZMDI-Open 2013"]
[Site "Dresden"]
[Date "2013.08.10"]
[Round "1"]
[White "Laskow, V."]
[Black "Zilch, L."]
[Result "0-1"]
[WhiteElo "1472"]
[BlackElo "1911"]
[PlyCount "86"]
[EventDate "2013.??.??"]

1. d4 Nf6 2. c4 d6 3. Nc3 e5 4. dxe5 dxe5 5. Qxd8+ Kxd8 6. g3 Bb4 7. Bd2 c6 8.
Bg2 a5 9. Nf3 Nbd7 10. a3 Be7 11. O-O Kc7 12. Ng5 Rf8 13. Nge4 Nxe4 14. Nxe4 h6
15. Bc3 a4 16. Nd2 f6 17. e3 Nc5 18. f4 exf4 19. exf4 Bf5 20. Rfe1 Rfe8 21. Bb4
Bd6 22. Nf3 Nd3 23. Bxd6+ Kxd6 24. Rad1 Kc5 25. Rxe8 Rxe8 26. Nh4 Nxb2 27. Rc1
Bd3 28. Bf1 Bxf1 29. Kxf1 Nxc4 30. Nf5 Rg8 31. Ne3 b5 32. Nxc4 bxc4 33. Ke2 Rb8
34. Rc2 Rb3 35. Ra2 Kd4 36. Kd2 c5 37. Kc2 Rf3 38. Kd1 Rf1+ 39. Ke2 Rh1 40. Kf3
c3 41. Kg2 Rb1 42. Kf3 Rb2 43. Ra1 c2 0-1

[Event "ZMDI-Open 2013"]
[Site "Dresden"]
[Date "2013.08.10"]
[Round "1"]
[White "Kanibalotzka, E."]
[Black "Ott, H."]
[Result "0-1"]
[WhiteElo "1822"]
[BlackElo "1674"]
[PlyCount "74"]
[EventDate "2013.??.??"]

1. c4 c5 2. Nc3 Nc6 3. g3 g6 4. Bg2 Bg7 5. Nf3 Nf6 6. O-O O-O 7. d3 d6 8. e3
Bd7 9. h3 Rb8 10. Rb1 a6 11. Qc2 Nb4 12. Qe2 Qa5 13. a3 Nc6 14. Bd2 Qd8 15. b4
cxb4 16. axb4 Na7 17. Rbc1 b5 18. Nd5 e6 19. Nxf6+ Bxf6 20. c5 Bc6 21. Nd4 Bxg2
22. Kxg2 Bxd4 23. exd4 dxc5 24. dxc5 Qd5+ 25. Qf3 Rfd8 26. Qxd5 Rxd5 27. Ra1
Rxd3 28. Rfc1 Rc8 29. Rxa6 Nc6 30. Rb6 Nd4 31. Bc3 Ne2 32. Rc2 Nxc3 33. Rxc3
Rxc3 34. Rxb5 Kf8 35. Kg1 Ke8 36. Kf1 Rb3 37. Ke2 Rxc5 0-1

[Event "ZMDI-Open 2013"]
[Site "Dresden"]
[Date "2013.08.10"]
[Round "1"]
[White "Möller, P."]
[Black "Wunderlich, M."]
[Result "0-1"]
[WhiteElo "1678"]
[BlackElo "1785"]
[PlyCount "91"]
[EventDate "2013.??.??"]

1. d4 Nf6 2. Bf4 e6 3. Nf3 d5 4. e3 c5 5. Bb5+ Bd7 6. Bxd7+ Nbxd7 7. O-O Be7 8.
c3 O-O 9. Nbd2 Nh5 10. Bg3 Nxg3 11. hxg3 Qc7 12. Re1 Nf6 13. Rc1 b5 14. dxc5
Bxc5 15. Nd4 Rab8 16. a3 Rfd8 17. Qe2 a6 18. N2b3 Bd6 19. Nd2 Rdc8 20. Nc2 Qb6
21. Nd4 Rc7 22. Qf3 Rbc8 23. Rcd1 Nd7 24. Kh2 Nc5 25. Qe2 Na4 26. N2b3 Be5 27.
Rd2 Qd6 28. e4 Bxd4 29. Nxd4 Kf8 30. exd5 exd5 31. Qh5 Qg6 32. Qxd5 Nb6 33. Qf3
Qh6+ 34. Kg1 Qxd2 35. Rd1 Qh6 36. Re1 Qf6 37. Qe4 Re7 38. Qb1 Rxe1+ 39. Qxe1
Re8 40. Qd1 Qe5 41. Nf3 Qf6 42. Qd2 Rd8 43. Qe2 Qd6 44. Nd4 Nc4 45. Qh5 h6 46.
Qe2 0-1

[Event "ZMDI-Open 2013"]
[Site "Dresden"]
[Date "2013.08.10"]
[Round "1"]
[White "Böhme-Ziska, C."]
[Black "Sorge, D."]
[Result "1/2-1/2"]
[WhiteElo "1747"]
[BlackElo "1437"]
[PlyCount "74"]
[EventDate "2013.??.??"]

1. d4 Nf6 2. c4 e6 3. Nc3 Bb4 4. Qc2 O-O 5. Nf3 c5 6. a3 Bxc3+ 7. bxc3 b6 8. e4
Bb7 9. Bd3 h6 10. e5 Ne8 11. Be4 d5 12. cxd5 Bxd5 13. O-O Nc6 14. Be3 cxd4 15.
cxd4 f5 16. Bxd5 Qxd5 17. Qd2 g5 18. Qa2 Qxa2 19. Rxa2 f4 20. Rc1 fxe3 21. Rxc6
g4 22. Ne1 exf2+ 23. Rxf2 Ng7 24. Rxf8+ Rxf8 25. Nc2 Rd8 26. Rc7 Nf5 27. Rxa7
Nxd4 28. Nxd4 Rxd4 29. Rb7 Rd5 30. Rxb6 Rxe5 31. Kf2 Kf7 32. Rb2 Kf6 33. Ra2
Kf5 34. a4 Ra5 35. Ra3 e5 36. Ke3 e4 37. Ra2 h5 1/2-1/2

[Event "ZMDI-Open 2013"]
[Site "Dresden"]
[Date "2013.08.10"]
[Round "1"]
[White "Scharff, J."]
[Black "Heber, M."]
[Result "1-0"]
[WhiteElo "1693"]
[BlackElo "1634"]
[PlyCount "58"]
[EventDate "2013.??.??"]

1. d4 Nf6 2. c4 g6 3. Nf3 Bg7 4. Nc3 d6 5. e3 O-O 6. Be2 Nc6 7. a3 Bf5 8. Nh4
Bd7 9. O-O e5 10. d5 Ne7 11. e4 Ne8 12. Bd2 Nxd5 13. Nxg6 Nxc3 14. Ne7+ Qxe7
15. Bxc3 Be6 16. Rc1 Nf6 17. f3 Nh5 18. Bd2 Nf4 19. Bxf4 exf4 20. Qc2 h6 21. b3
Be5 22. Rfd1 Qf6 23. a4 a5 24. Bd3 Kh8 25. Bf1 Rg8 26. Kh1 Qh4 27. Rd2 b6 28.
Rcd1 h5 29. h3 Bxh3 1-0

[Event "ZMDI-Open 2013"]
[Site "Dresden"]
[Date "2013.08.10"]
[Round "1"]
[White "Zalewski, U."]
[Black "Mittelstaedt, E."]
[Result "1-0"]
[WhiteElo "1805"]
[BlackElo "1683"]
[PlyCount "119"]
[EventDate "2013.??.??"]

1. e4 c5 2. Nf3 Nc6 3. d4 cxd4 4. Nxd4 e6 5. Be3 Be7 6. Nc3 Bb4 7. Be2 Nge7 8.
O-O O-O 9. f4 d5 10. exd5 Nxd5 11. Nxd5 exd5 12. c3 Bc5 13. Bf2 Qb6 14. Qd2
Nxd4 15. Bxd4 Bxd4+ 16. cxd4 Bd7 17. Rac1 Rac8 18. Bf3 Bc6 19. Rfe1 Rce8 20.
Qc3 Qd8 21. g3 Rxe1+ 22. Rxe1 Re8 23. Kf2 Rxe1 24. Qxe1 Kf8 25. Qb4+ Qe7 26.
Qc5 Qxc5 27. dxc5 Ke7 28. b4 b5 29. Ke3 f5 30. Kd4 Ke6 31. g4 g6 32. h4 a6 33.
h5 Bb7 34. h6 Bc6 35. g5 Bb7 36. Bd1 Bc6 37. Bb3 Bb7 38. a4 Bc6 39. axb5 axb5
40. Bd1 Bb7 41. Bc2 Bc6 42. Bb3 Bb7 43. c6 Bxc6 44. Kc5 Ba8 45. Kxb5 Kd6 46.
Ka4 Bc6+ 47. Ka3 Bb5 48. Kb2 Bd7 49. Kc3 Be6 50. Kd4 Kc6 51. Ba4+ Kd6 52. Be8
Ke7 53. Bxg6 Kf8 54. Bxh7 Bf7 55. Bxf5 Kg8 56. Ke5 Kh8 57. b5 Be8 58. b6 Bc6
59. Be6 d4 60. Kxd4 1-0

[Event "ZMDI-Open 2013"]
[Site "Dresden"]
[Date "2013.08.10"]
[Round "1"]
[White "Bui, N."]
[Black "Förster, J."]
[Result "1-0"]
[WhiteElo "1417"]
[BlackElo "1761"]
[PlyCount "65"]
[EventDate "2013.??.??"]

1. e4 e6 2. d4 d5 3. Nd2 Nf6 4. e5 Nfd7 5. Bd3 c5 6. c3 Qb6 7. Ne2 Nc6 8. Nf3
cxd4 9. cxd4 Bb4+ 10. Bd2 O-O 11. O-O Bxd2 12. Qxd2 a6 13. a3 Na5 14. Qc2 g6
15. h4 Qc6 16. Qd1 b5 17. Rc1 Qb7 18. b4 Nc4 19. Qb3 Ndb6 20. Rc3 Na4 21. Rcc1
Nab6 22. Rfd1 Bd7 23. Rc3 a5 24. Qb1 axb4 25. axb4 Ra7 26. Qc1 Kg7 27. Qg5 f6
28. exf6+ Rxf6 29. Ng3 Rf7 30. h5 Rf8 31. hxg6 h6 32. Qe7+ Kg8 33. Qh7# 1-0

[Event "ZMDI-Open 2013"]
[Site "Dresden"]
[Date "2013.08.10"]
[Round "1"]
[White "Grube, K."]
[Black "Fahland, M."]
[Result "1/2-1/2"]
[WhiteElo "1602"]
[BlackElo "1414"]
[PlyCount "32"]
[EventDate "2013.??.??"]

1. e4 c5 2. Nf3 Nc6 3. d4 cxd4 4. Nxd4 e6 5. Be2 a6 6. a4 Nf6 7. Nxc6 bxc6 8.
Nc3 Qc7 9. O-O Be7 10. Be3 O-O 11. a5 c5 12. Ra4 Bb7 13. Bf3 Bc6 14. Ra2 d6 15.
Re1 Rfd8 16. Bf4 Qd7 1/2-1/2

[Event "ZMDI-Open 2013"]
[Site "Dresden"]
[Date "2013.08.10"]
[Round "1"]
[White "Kluge, H."]
[Black "Kretschmer, W."]
[Result "1/2-1/2"]
[WhiteElo "1680"]
[BlackElo "1597"]
[PlyCount "61"]
[EventDate "2013.??.??"]

1. d4 Nf6 2. Nf3 g6 3. e3 Bg7 4. Bd3 O-O 5. O-O d6 6. Nbd2 Nc6 7. c3 e5 8. Re1
Re8 9. Qc2 exd4 10. exd4 Rxe1+ 11. Nxe1 Qe7 12. Ndf3 Nd8 13. h3 Ne6 14. Be3 Nd5
15. Qd2 Nxe3 16. fxe3 Bh6 17. Nc2 Ng5 18. Rf1 Bd7 19. c4 Ne4 20. Bxe4 Qxe4 21.
Qf2 Bf5 22. Nfe1 Rf8 23. g4 Bd7 24. Ng2 f5 25. Qh4 Bg7 26. Nb4 fxg4 27. Rxf8+
Bxf8 28. hxg4 Bxg4 29. Nd5 Bg7 30. Qd8+ Kf7 31. Qxc7+ 1/2-1/2

[Event "ZMDI-Open 2013"]
[Site "Dresden"]
[Date "2013.08.10"]
[Round "1"]
[White "Smagulov, A."]
[Black "Schießl, W."]
[Result "1/2-1/2"]
[WhiteElo "1802"]
[BlackElo "1842"]
[PlyCount "106"]
[EventDate "2013.??.??"]

1. d4 e6 2. Bf4 c5 3. e3 Nc6 4. Nf3 h6 5. c3 Nf6 6. h3 Qb6 7. Qc2 d5 8. Nbd2
Bd7 9. Be2 Rc8 10. Qb3 Qxb3 11. Nxb3 c4 12. Nbd2 b5 13. O-O a5 14. Ne5 Nxe5 15.
Bxe5 Ne4 16. Nxe4 dxe4 17. f3 Bc6 18. fxe4 Bxe4 19. Rf2 f6 20. Bh5+ Kd7 21. Bg3
Be7 22. Bf3 Bxf3 23. Rxf3 b4 24. e4 Rc6 25. Rb1 Rb6 26. Bf2 Rb7 27. Be1 b3 28.
a3 a4 29. Rd1 Rb5 30. Bg3 Rc8 31. e5 f5 32. Bf2 g5 33. g3 Rd5 34. Re3 Rf8 35.
Re2 Rg8 36. Kg2 h5 37. Kh2 Kc6 38. Be3 Rb5 39. Red2 Kd5 40. Bf2 Ra8 41. Rg1 Rh8
42. Be3 Rf8 43. Rf1 Rf7 44. Rdf2 Rh7 45. Kg2 g4 46. h4 Rb8 47. Rh1 Rf7 48. Re2
Rff8 49. Kf1 Rf7 50. Ke1 Rff8 51. Rhh2 Rf7 52. Kd1 Rff8 53. Kd2 Rf7 1/2-1/2

[Event "ZMDI-Open 2013"]
[Site "Dresden"]
[Date "2013.08.10"]
[Round "1"]
[White "Köpke, P."]
[Black "Gerling, L."]
[Result "1-0"]
[WhiteElo "1341"]
[BlackElo "1783"]
[PlyCount "66"]
[EventDate "2013.??.??"]

1. e4 e6 2. d4 d5 3. e5 c5 4. c3 Nc6 5. Nf3 Qb6 6. a3 a5 7. Bd3 Bd7 8. Bc2 cxd4
9. cxd4 Nge7 10. b3 f6 11. Bb2 O-O-O 12. Nc3 fxe5 13. dxe5 h6 14. Na4 Qa7 15.
b4 axb4 16. axb4 Nf5 17. b5 Bb4+ 18. Nc3 Na5 19. O-O Qc5 20. Bxf5 exf5 21. Nd4
Kb8 22. Na4 Qe7 23. Nb6 Qc5 24. Nxd7+ Rxd7 25. Rc1 Qf8 26. Qa4 Nc4 27. Rxc4
dxc4 28. b6 Rxd4 29. Qa7+ Kc8 30. Qa8+ Kd7 31. Qxb7+ Ke6 32. Bxd4 Qe7 33. Qc6+
Kf7 1-0

[Event "ZMDI-Open 2013"]
[Site "Dresden"]
[Date "2013.08.10"]
[Round "1"]
[White "Jahn, D."]
[Black "Schüring, L."]
[Result "1-0"]
[WhiteElo "1816"]
[BlackElo "1256"]
[PlyCount "53"]
[EventDate "2013.??.??"]

1. b4 e5 2. a3 d5 3. e3 Nf6 4. Bb2 Bd6 5. c4 c6 6. c5 Bc7 7. Nf3 Qe7 8. Be2 Be6
9. O-O Nbd7 10. Qc2 b6 11. cxb6 Bxb6 12. Nxe5 Nxe5 13. Bxe5 Bd7 14. d4 O-O 15.
Nd2 Rac8 16. Nb3 Ng4 17. Bxg4 Bxg4 18. h3 Bd7 19. Nc5 Bxc5 20. bxc5 h6 21. Rab1
Qg5 22. f4 Qe7 23. Rf3 Rfe8 24. Rb7 Ra8 25. Rg3 g6 26. Rxg6+ fxg6 27. Qxg6+ 1-0

[Event "ZMDI-Open 2013"]
[Site "Dresden"]
[Date "2013.08.10"]
[Round "1"]
[White "Hansch, B."]
[Black "Briesemeister, K."]
[Result "1/2-1/2"]
[WhiteElo "1577"]
[BlackElo "1800"]
[PlyCount "39"]
[EventDate "2013.??.??"]

1. e4 c6 2. d4 d5 3. e5 Bf5 4. Nf3 h6 5. Nc3 e6 6. h3 Nd7 7. g4 Bh7 8. Bg2 c5
9. Be3 b6 10. Ne2 c4 11. c3 Qc7 12. h4 b5 13. Nf4 Be4 14. Rh3 Nb6 15. Nd2 Bxg2
16. Nxg2 a5 17. f4 Ne7 18. Kf2 g6 19. h5 O-O-O 20. Qc2 1/2-1/2

[Event "ZMDI-Open 2013"]
[Site "Dresden"]
[Date "2013.08.10"]
[Round "1"]
[White "Hilbig, K."]
[Black "Scholz, R."]
[Result "1-0"]
[WhiteElo "1759"]
[BlackElo "1109"]
[PlyCount "113"]
[EventDate "2013.??.??"]

1. d4 d5 2. Nf3 Nc6 3. e3 Nf6 4. Nbd2 Bg4 5. Be2 e6 6. b3 Bd6 7. Bb2 O-O 8. h3
Bh5 9. g4 Bg6 10. Nh4 Be4 11. Nhf3 Bg6 12. Nh4 Be4 13. Nhf3 Bg6 14. Ne5 Bxe5
15. dxe5 Nd7 16. Nf3 Be4 17. O-O Bxf3 18. Bxf3 Qh4 19. Bg2 Ncxe5 20. f4 Ng6 21.
c4 c6 22. cxd5 cxd5 23. Rc1 Rac8 24. Qd4 f6 25. Qxa7 Rxc1 26. Rxc1 Rb8 27. f5
Ngf8 28. Ba3 Qg3 29. Bb4 exf5 30. Be1 Qe5 31. gxf5 Qxf5 32. Bg3 Re8 33. Bf2 Qd3
34. Re1 b6 35. Qb7 d4 36. Bd5+ Kh8 37. Bc4 Qg6+ 38. Kh2 dxe3 39. Bxe3 Qc2+ 40.
Re2 Qc3 41. Qd5 Qe5+ 42. Qxe5 Rxe5 43. Bf4 Rf5 44. Kg3 g5 45. Bd6 Ng6 46. Re8+
Kg7 47. Kg4 Nge5+ 48. Kxf5 Nxc4 49. bxc4 Kh6 50. Bf8+ Nxf8 51. Rxf8 Kg7 52.
Rxf6 h5 53. Kxg5 h4 54. Rxb6 Kf7 55. Kxh4 Ke7 56. a4 Kd7 57. Kg5 1-0

[Event "ZMDI-Open 2013"]
[Site "Dresden"]
[Date "2013.08.10"]
[Round "1"]
[White "Hofmann, F."]
[Black "Gabriel, W."]
[Result "1/2-1/2"]
[WhiteElo "1077"]
[BlackElo "1733"]
[PlyCount "42"]
[EventDate "2013.??.??"]

1. e4 e5 2. f4 d5 3. exd5 e4 4. Nc3 Nf6 5. Bc4 Bf5 6. d3 Bb4 7. Nge2 Nxd5 8.
O-O Nxc3 9. Nxc3 Qd4+ 10. Kh1 Bxc3 11. bxc3 Qc5 12. Re1 O-O 13. Bb2 exd3 14.
Bxd3 Nc6 15. a4 Rfe8 16. Ba3 Qa5 17. Bb2 Bxd3 18. Qxd3 Rad8 19. Qd7 Rf8 20. Qg4
Rfe8 21. Rad1 Rf8 1/2-1/2

[Event "ZMDI-Open 2013"]
[Site "Dresden"]
[Date "2013.08.10"]
[Round "1"]
[White "Beyer, M."]
[Black "Kultscher, C."]
[Result "1/2-1/2"]
[WhiteElo "1560"]
[BlackElo "1046"]
[PlyCount "51"]
[EventDate "2013.??.??"]

1. e4 e5 2. Nf3 Nc6 3. Bb5 Nf6 4. O-O Nxe4 5. Re1 Nf6 6. Nxe5 Nxe5 7. Rxe5+ Be7
8. Qe1 c6 9. Bf1 d6 10. Re2 Be6 11. b3 O-O 12. d4 d5 13. Bg5 Ne4 14. Bxe7 Qxe7
15. f3 Nd6 16. Nd2 Qf6 17. Qf2 c5 18. c3 cxd4 19. cxd4 Rac8 20. Re5 Rc7 21. Bd3
Qh6 22. Rae1 Rfc8 23. Qe3 Qxe3+ 24. R5xe3 Rc1 25. Kf2 g6 26. g4 1/2-1/2

[Event "ZMDI-Open 2013"]
[Site "Dresden"]
[Date "2013.08.10"]
[Round "1"]
[White "Schlegel, H."]
[Black "Reinisch, J."]
[Result "0-1"]
[WhiteElo "1035"]
[BlackElo "1645"]
[PlyCount "94"]
[EventDate "2013.??.??"]

1. e4 c6 2. d4 d5 3. Nc3 dxe4 4. Nxe4 Bf5 5. Bd3 Qxd4 6. Nf3 Qd8 7. Bf4 Nd7 8.
O-O Bxe4 9. Bxe4 Ngf6 10. Re1 Nxe4 11. Rxe4 Qb6 12. Rd4 Rd8 13. Ne5 Nxe5 14.
Rxd8+ Qxd8 15. Qxd8+ Kxd8 16. Bxe5 f6 17. Rd1+ Kc8 18. Bc3 e5 19. Ba5 Be7 20.
Re1 b6 21. Bc3 Rd8 22. f4 Bc5+ 23. Kf1 exf4 24. Re6 Rd6 25. Re7 Rd7 26. Re6 Re7
27. Rxe7 Bxe7 28. Kf2 Bd6 29. Kf3 Kd7 30. Bd2 g5 31. Kg4 Ke6 32. g3 fxg3 33.
hxg3 h5+ 34. Kxh5 Bxg3 35. Be3 Kf5 36. c4 g4 37. b4 Be1 38. c5 b5 39. a3 g3 40.
Bg1 Bf2 41. Bxf2 gxf2 42. Kh6 f1=Q 43. Kg7 Qc4 44. Kf8 Qe6 45. Kg7 Qe7+ 46. Kg8
Kg6 47. a4 Qe8# 0-1